[Event "FIDE World Senior Team Championship 2020"]
[Site "Olympik hotel, Sokolovska 138,"]
[Date "2020.03.11"]
[Round "6.25"]
[White "Fritsch, Juergen"]
[Black "Fitzke, Ulrich"]
[Result "0-1"]
[WhiteElo "1793"]
[BlackElo "1803"]
[PlyCount "134"]
[EventDate "2020.03.06"]
[WhiteTeam "GER11"]
[BlackTeam "GER10"]

1. d4 d5 2. Bf4 e6 3. e3 Bd6 4. c3 Bxf4 5. exf4 Nf6 6. Nd2 Qd6 7. g3 c5 8. Ngf3
cxd4 9. cxd4 Nc6 10. Nb3 O-O 11. Bd3 b6 12. Ne5 Nb4 13. a3 Nxd3+ 14. Nxd3 Ba6
15. O-O Rac8 16. Re1 Rc7 17. Rc1 Rfc8 18. Rxc7 Rxc7 19. f3 Qc6 20. Nb4 Qb7 21.
Nd2 Bc4 22. b3 Bb5 23. a4 Bd7 24. Nd3 a5 25. Qb1 Ne8 26. Rc1 Nd6 27. g4 Qc8 28.
Kf2 Rxc1 29. Qxc1 Qxc1 30. Nxc1 b5 31. axb5 Nxb5 32. Ke3 Na3 33. Ne2 Bb5 34. b4
axb4 35. Nb3 Bc4 36. Nec1 Kf8 37. f5 exf5 38. gxf5 Ke7 39. Kf4 Kf6 40. h4 h5
41. Nc5 Nc2 42. N1b3 Bb5 43. Nb7 Bc4 44. N7c5 Ne1 45. Nd7+ Ke7 46. Ndc5 Nd3+
47. Ke3 Nxc5 48. Nxc5 Kf6 49. Kf4 b3 50. Na4 Bd3 51. Nb2 Bxf5 52. Na4 Bd3 53.
Nb2 Bc2 54. Na4 Bd3 55. Nb2 Bc4 56. Nd1 Kg6 57. Nb2 f6 58. Na4 Kf7 59. Nb2 g6
60. Na4 Kg7 61. Kg3 g5 62. Nb2 Kg6 63. Na4 Kf5 64. Nb2 gxh4+ 65. Kxh4 Kf4 66.
Kxh5 Kxf3 67. Kg6 Ke4 0-1